Loading...
| Literature - European Literature | 4 | 2 | 0 | 1 | 80 | 31 | 66.50 | 2 | 5 |
| Science - Chemistry | 5 | 0 | 1 | 1 | 70 | 30 | 43.20 | 3 | 5 |
| Science - Physics | 0 | 7 | 1 | 2 | 65 | 77 | 105.57 | 0 | 5 |
| Social Science | 0 | 6 | 0 | 2 | 60 | 80 | 103.67 | 0 | 4 |
| Literature - British Literature | 2 | 2 | 0 | 0 | 50 | 35 | 73.25 | 1 | 3 |
| Science - Biology | 2 | 2 | 1 | 1 | 45 | 55 | 79.75 | 2 | 3 |
| Visual Arts | 1 | 2 | 0 | 1 | 35 | 76 | 105.67 | 0 | 0 |
| Literature - World Literature | 1 | 2 | 0 | 0 | 35 | 28 | 66.00 | 1 | 2 |
| Philosophy | 1 | 1 | 0 | 1 | 25 | 60 | 97.00 | 0 | 1 |
| Literature - American Literature | 0 | 2 | 1 | 0 | 15 | 88 | 100.50 | 1 | 1 |
| History - American History | 0 | 1 | 0 | 0 | 10 | 115 | 115.00 | 0 | 0 |
| Fine Arts - Other Arts | 0 | 1 | 0 | 0 | 10 | 101 | 101.00 | 0 | 0 |
| Beliefs | 0 | 1 | 0 | 0 | 10 | 100 | 100.00 | 0 | 1 |